000 00953cam a22002894a 4500
001 14131404
005 20180315101311.0
008 051004s2005 tnua b 000 0 eng
010 _a 2005028427
020 _a0849900409 (hardcover)
020 _a0849991420 (International edition)
020 _a9780849900402
035 _a(OCoLC)ocm61864197
035 _a(OCoLC)61864197
040 _aDLC
_cDLC
_dDLC
041 _aeng
042 _apcc
_alcac
080 _a253 BLA
082 0 0 _a253 BLA
_222
100 1 _a54
101 _aLID
245 1 0 _aLead like Jesus :
_cKen Blanchard and Phil Hodges.
504 _aIncludes bibliographical references (p. 237-239).
906 _a7
_bcbc
_corignew
_d1
_eecip
_f20
_gy-gencatlg
942 _2ddc
_cBK
999 _c45176
_d45176